Statistics for Political Figures by Last Name #2

Click here to take the quiz!

General Stats

  • This quiz has been taken 6,867 times
  • The average score is 17 of 27

Answer Stats

First Name Last Name % Correct
ThomasJefferson
97%
FidelCastro
95%
TonyBlair
94%
JuliusCaesar
93%
SarahPalin
91%
Charlesde Gaulle
87%
HenryKissinger
85%
BorisYeltsin
83%
AngelaMerkel
79%
HugoChávez
75%
SimónBolívar
74%
FranzFerdinand
74%
Ottovon Bismarck
72%
YasserArafat
68%
NancyPelosi
61%
RudolphGiuliani
61%
FrançoisMitterrand
55%
BenjaminDisraeli
55%
SilvioBerlusconi
53%
MichaelDukakis
49%
LeonidBrezhnev
43%
HamidKarzai
33%
WilliamGladstone
29%
KonradAdenauer
27%
MustafaAtatürk
23%
JeanChrétien
22%
HidekiTojo
17%

Score Distribution

Percentile by Number Answered

Percent of People with Each Score

Your Score History

You have not taken this quiz